| 000 | 00416cam a2200169ua 4500 | ||
|---|---|---|---|
| 020 | _c44.00 | ||
| 041 |
_aeng _h |
||
| 082 |
_a530 _bFEY/LE |
||
| 100 | _aFeynman, . | ||
| 245 |
_aLectures on physics, Vol.3 / _cFeynman. _hTextual Documents |
||
| 260 |
_aBombay : _bAddison-Wesley Publishing Company , _c1965. |
||
| 300 | _a24 ; . | ||
| 365 | _a44.00 | ||
| 504 | _a | ||
| 942 | _cBK | ||
| 999 |
_c10126 _d10126 |
||